000 02760nam a2200277Ia 4500
003 OSt
005 20210804155803.0
008 210310s1998 ck ad fr 000 0 spa d
020 _a9589057861
040 _aCO-JMCR
_cCO-JMCR
041 0 _aspa
082 0 4 _a338.512 /
_bC355e
_223
100 1 _aCastro Rodríguez, Raúl,
_916762
_eautor
245 1 0 _aEvaluación económica y social de proyectos de inversión /
_cRaúl Castro Rodríguez, Karen Marie Mokate
250 _aPrimera edición
260 _aBogotá :
_bEdiciones Uniandes :
_bBanco Interamericano de Desarrollo,
_c1998
300 _axv, 424 páginas :
_bilustraciones y gráficas a blanco y negro ;
_c24 cm.
500 _aIncluye notas a pie de página.
504 _aBibliografía: páginas [419]-424
505 0 _aAspectos básicos -- Fundamentos de la teoría económica para la evaluación de proyectos -- Los dos grandes pasos de la evaluación social y económica -- Los impactos de los proyectos de inversión -- La asignación de valor a los impactos de un proyecto: los precios cuenta -- Los precios de cuenta en presencia de distorsiones -- El precio de cuenta de una divisa -- El precio cuenta de la mano de obra -- Cálculo de los precios de cuenta de los bienes comerciados internacionalmente -- Estimación de precios de cuenta con técnicas insumo-producto -- El descuento Intertemporal y los criterios de evaluación económica -- Metodología alternativas de evaluación económica de proyectos -- Alguna consideraciones sobre evaluación social de proyectos
520 3 _aLos proyectos de inversión y las politicas económicas que hoy asumen las entidades privadas o públicas, requieren un estudio riguroso tanto a nivel económico como a nivel social. Con la evaluación económica y social de proyectos se pretende que, antes de ser implementado, todo proyecto de inversión sea analizado desde estas perspectivas. Para lograr una optima asignación de los recursos (todo recurso tiene diversos usos alternativos) se deben evaluar los beneficios (ventajas) y costos (desventajas) de los proyectos y así, estudiar su viabilidad en términos del bienestar económico que produzcan. El análisis costo-beneficia de un proyecto es definitivo para asignar los recursos apropiados y para establecer políticas y acciones claras de tal manera que con esto se haga un aporte al cumplimiento de los objetivos de la entidad que como tal debe "medir el aporte neto de un proyecto o política al bienestar de toda la colectividad nacional".
650 1 4 _aEvaluación de proyectos de inversión
_916764
_xAspectos económicos
650 2 4 _aEvaluación de proyectos de inversión
_xAspectos sociales
_939069
700 1 _aMokate, Karen Marie,
_eautor
_939070
942 _2ddc
_cBK
999 _c8255
_d8255